01071nab a22001937a 4500003000400000005001700004008004100021040000700062100002500069245009800094260007300192300001300265500004500278505029000323505008900613650001000702650002600712773013900738OSt20260213132450.0190604e xxu||||| |||| 00| 0 spa d cPJ aFerraro, Leonardo P.10aArmas de fuego en Argentina : bprincipales notas del régimen legal /cLeonardo P. Ferraro. aCiudad Autónoma de Buenos Aires :bThomson Reuters La Ley, c2025. ap. 26-36 aCita Online: TR LALEY AR/DOC/3196/2025.  aSumario: I. Introducción.— II. La Ley Nacional de Armas y Explosivos.— III. El Registro Nacional de Armas (RENAR).— IV. Clasificación legal de las armas de fuego a los efectos del RENAR.— V. El legítimo usuario de armas de fuego: tenencia y portación de armas de fuego. t¿Te interesa el texto completo? Solicitalo al correo: koha@justierradelfuego.gov.ar 0aARMAS 0aLEGISLACION APLICABLE0 02714dCiudad Autónoma de Buenos Aires : Thomson Reuters La Ley, 2014-tRevista anales de legislación argentina. Nº 1- Enero 2026.